A filozófiában újabban meghonosodott előkelő hangnemről
Elmentve itt :
| Szerző: | |
|---|---|
| Adatforrás: | Philobibl |
| Forrásdokumentuma: | Gond 2.sz 1992., 160-172. p. |
| Dokumentumtípus: | Cikk |
| Nyelv: | magyar |
| Kulcsszavak: | klasszikus német filozófia Platón |
| LEADER | 00421nab a2200133 c 4500 | ||
|---|---|---|---|
| 001 | bibDOK00002043 | ||
| 005 | 20200924115840.2 | ||
| 008 | 060518s1992 hu hun | ||
| 100 | 1 | |a Kant, Immanuel | |
| 245 | 1 | 2 | |a A filozófiában újabban meghonosodott előkelő hangnemről |c Kant, Immanuel |
| 500 | |a Nyizsnyánszki Ferenc (ford.) | ||
| 695 | |a klasszikus német filozófia | ||
| 695 | |a Platón | ||
| 773 | 0 | |t Gond 2.sz |g 1992., 160-172. p. | |